| 000 | 01197nas a2200337 4500 | ||
|---|---|---|---|
| 001 | BR2015003422 | ||
| 003 | BR-BrBNA | ||
| 005 | 20231205125433.0 | ||
| 007 | ta | ||
| 008 | 230509b bl.|||p| |||| 00| 00por d | ||
| 040 |
_aBR-BrBNA _bpor _cBiblioteca Nacional de Agricultura |
||
| 041 | _a(Pt) | ||
| 072 | _aN10 | ||
| 100 | 1 | _aCarvalho, C. da C.S. | |
| 100 | 1 | _aSouza, C. de F. | |
| 100 | 1 | _aTinôco, I. de F.F. | |
| 100 | 1 | _aVieira, M. de F.A. | |
| 100 | 1 | _aMinette, L.J. | |
| 245 | 1 | _aSegurança, saúde e ergonomia de trabalhadores em galpões de frangos de corte equipados com diferentes sistemas de abastecimento de ração | |
| 246 | 1 | _aSafety, health and ergonomics of workers in poultry houses systems equipped with different feed supply | |
| 650 | _aFRANGO DE CORTE | ||
| 650 | _aINSTALACAO PARA ANIMAL | ||
| 650 | _aERGONOMIA | ||
| 650 | _aPREVENCAO DE ACIDENTE | ||
| 650 | _aSAUDE | ||
| 650 | _aTRABALHADOR RURAL | ||
| 773 | 0 |
_tEngenharia Agrícola (Brazil) _xISSN 1809-4430 _g(May-Jun 2011), v. 31(3) p. 438-447 _wBR2015003422 |
|
| 856 | 4 | 0 | _uhttp://www.scielo.br/pdf/eagri/v31n3/a04v31n3.pdf |
| 909 |
_a202311 _bLúcia _c55 _dLúcia Elande |
||
| 942 |
_2AGRIS _n0 _cANA |
||
| 999 |
_c244366 _d244366 |
||